000 01008nam a2200301 i 4500
003 DO-SdBNP
005 20250227073850.0
007 ta
008 250218b2011 dr ||||| |||| 00| 0 spa d
020 _a9789945473216
040 _aDO-SdBNP
_bspa
_cBNPHU
_erda
082 4 _aRD863.44
_bA347c, 2011
_222
100 1 _aAlcántara Almánzar, José
_d1946-
_eautor
_4aut.
_97018
245 1 3 _aLa carne estremecida /
_cJosé Alcántara Almánzar.
250 _acuarta edición
264 4 _aSanto Domingo :
_bEditora Fundación Cultural Dominicana,
_c©2011.
300 _a111 páginas ;
_c23 cm.
336 _atexto
_btxt
_2rdacontent
337 _asin mediación
_bn
_2rdamedia
338 _avolumen
_bnc
_2rdacarrier
500 _aIncluye datos biográficos del autor en la solapa de la cubierta
586 _aPremio Nacional de cuento 1989-1990
590 _aInventariado, 2025/BT
650 4 _aCuentos dominicanos
_9176
650 4 _aLiteratura dominicana.
_967
910 _aBtavárez
942 _2ddc
_cLBS1
999 _c58131
_d58131